| 000 | 00541nam a2200193 4500 | ||
|---|---|---|---|
| 003 | SEACOMMC | ||
| 005 | 20250514152951.0 | ||
| 008 | 250514b |||||||| |||| 00| 0 eng d | ||
| 020 |
_a81-219-2092-2 _cRs.175.00 |
||
| 040 | _aSEACOMMC | ||
| 082 |
_a428.2 _bJ 25 |
||
| 100 | _aJain, A. K | ||
| 245 | 1 |
_aProfessional Communication Skills / _cA. K. Jain [and] Pravin S. R. Bhatia [and] A. M. Sheikh |
|
| 250 | _a5th rev.ed. | ||
| 260 |
_a Kolkata _b S. Chand Publications _c 2011 |
||
| 300 | _aVol.1 | ||
| 650 | _a English | ||
| 942 | _cBOOK | ||
| 999 |
_c1214 _d1214 |
||